| 000 | 007980000a22001930004500 | ||
|---|---|---|---|
| 020 | _a84-8267-276-2 | ||
| 041 | 0 | _aSPA | |
| 082 | 0 | 4 | _aG 253 S5341g |
| 100 | 1 | _aShaw, Mark | |
| 245 | 1 | 0 | _a10 grandes ideas de la historia de la iglesia : Una guía para tomar decisiones en la iglesia. Cómo desarrollar una vision correcta de la verdad, la santidad, la unidad, la conversión, la adoración, la renovación, el crecimiento, la misión, la justicia y la comunión / Mark Shaw ; Elena Flores Sanz, Traductor |
| 260 | _aTerrassa, Barcelona, España : CLIE | ||
| 300 | _a286 Pag | ||
| 500 | _aTítulo original : 10 Great ideas from church history | ||
| 001 | 6305 | ||
| 942 | _cBK | ||
| 999 |
_c36578 _d36578 |
||
| 336 |
_atexto _btxt _2rdacontent |
||
| 337 |
_2rdamedia _asin mediación _bn |
||
| 338 |
_2rdacarrier _avolumen _bnc |
||